000 00539nam a2200193Ia 4500
005 20250508154054.0
008 008 250505s9999 xx 000 0 eng d
037 _aTextual
040 _aFEDL
_beng
_cFEDL
041 _aeng
_2eng
084 _a372, BEA
_qFEDL
100 _aBeauchamp George A
_9760385
245 0 _aCurriculum of the elementary school
260 _aBoston, USA
_bAllyn and Bacon
_c1964
300 _axi,381p
650 _aElementary Education
942 _cTEXL
_h372, BEA
999 _c1347445
_d1347445